Financial Markets and Corporate Strategy (Record no. 3838)

MARC details
005 - DATE AND TIME OF LATEST TRANSACTION
control field 20250612104028.0
020 ## - INTERNATIONAL STANDARD BOOK NUMBER
International Standard Book Number 978-1-5268-4949-6
082 ## - DEWEY DECIMAL CLASSIFICATION NUMBER
Classification number 658.15 HIL
100 ## - MAIN ENTRY--PERSONAL NAME
Author name HILLIER, D.
245 ## - TITLE STATEMENT
Title Financial Markets and Corporate Strategy
250 ## - EDITION STATEMENT
Edition statement 3rd Ed.
260 ## - PUBLICATION, DISTRIBUTION, ETC.
Place of publication, distribution, etc. New York,
Name of publisher, distributor, etc. Mcgraw-Hill Education,
Date of publication, distribution, etc. 2023.
300 ## - PHYSICAL DESCRIPTION
Extent xv, 781p.: Ill.; figures & table.
Other physical details Index
Dimensions 26cm.
700 ## - ADDED ENTRY--PERSONAL NAME
Other authors/Editors GRINBLATT, M. & TITMAN, S.
856 ## - ELECTRONIC LOCATION AND ACCESS
Link text Access Online Book
Electronic name Financial Markets and Strategy
Path www,mheducation.co.uk
942 ## - ADDED ENTRY ELEMENTS (KOHA)
Source of classification or shelving scheme Dewey Decimal Classification
Koha item type Books
Holdings
Date last seen Total checkouts Full call number Barcode Cost, replacement price Price effective from Koha item type Lost status Source of classification or shelving scheme Damaged status Not for loan Withdrawn status Home library Current library Shelving location Date acquired Cost, normal purchase price
06/12/2025   658.15 HIL 00000012672 308808.00 06/12/2025 Books   Dewey Decimal Classification       College of Business Education Main Library College of Business Education Main Library General Collection 09/17/2024 102936.00
06/12/2025   658.15 HIL 00000012673 308808.00 06/12/2025 Books   Dewey Decimal Classification       College of Business Education Main Library College of Business Education Main Library General Collection 09/17/2024 102936.00
06/12/2025   658.15 HIL 00000012674 308808.00 06/12/2025 Books   Dewey Decimal Classification       College of Business Education Main Library College of Business Education Main Library General Collection 09/17/2024 102936.00
06/12/2025   658.15 HIL 00000012675 308808.00 06/12/2025 Books   Dewey Decimal Classification       College of Business Education Main Library College of Business Education Main Library General Collection 09/17/2024 102936.00
06/12/2025   658.15 HIL 00000012676 308808.00 06/12/2025 Books   Dewey Decimal Classification       College of Business Education Main Library College of Business Education Main Library General Collection 09/17/2024 102936.00